| 000 | 01072nam a2200253Ia 4500 | ||
|---|---|---|---|
| 003 | OSt | ||
| 005 | 20220930190011.0 | ||
| 006 | a|||||r|||| 00| 0 | ||
| 007 | ta | ||
| 008 | 220926b |||||||| |||| 00| 0 hin d | ||
| 020 |
_a9788178357416 (hbk) _c575 |
||
| 024 | _a1318 | ||
| 037 |
_b463, 22/12/2008, Eastern Book Linkers _cTextbook |
||
| 040 |
_aCRL _cCRL _bhin |
||
| 041 |
_2hin _ahin |
||
| 082 | _aY5927.2, 152P9 | ||
| 100 | _aठाकुर, हरिनारायण | ||
| 245 | 0 | _aभारत में पिछड़ा वर्ग आंदोलन और परिवर्तन का नया समाजशास्त्र | |
| 246 | _aPustakālaya, sūchanā vijnyān evan sūchanā praudyogikī: vivechanātmak adhyayana | ||
| 260 |
_aदिल्ली, _bकल्पज़ पब्लिकेशन्स, भारत _c2009 |
||
| 300 |
_a229पृ0 _ccm. |
||
| 942 |
_hY5927.2, 152P9 _cTB _2CC |
||
| 999 |
_c891430 _d891430 |
||